LEADER 00867nam0-22003011i-450- 001 990005676720403321 005 20110530113307.0 035 $a000567672 035 $aFED01000567672 035 $a(Aleph)000567672FED01 035 $a000567672 100 $a19990604d1975----km-y0itay50------ba 101 0 $aita 105 $ay---a---00--- 200 1 $aBibliografia ragionata sui processi educativi$fdi Renato Porro 210 $aBologna$cIl Mulino$dc1975 215 $a211 p.$d22 cm 225 1 $aQuaderni IARD$v10 610 0 $aBibliografie e cataloghi speciali 676 $a016.37 700 1$aPorro,$bRenato$0144164 801 0$aIT$bUNINA$gRICA$2UNIMARC 901 $aBK 912 $a990005676720403321 952 $a016.37 POR 1$bIst.Ped. 2777$fFLFBC 959 $aFLFBC 996 $aBibliografia ragionata sui processi educativi$9601154 997 $aUNINA LEADER 01253nam 2200433 450 001 9910671309003321 005 20210111105710.0 010 $a958-762-362-2 035 $a(CKB)4100000006672446 035 $a(MiAaPQ)EBC5513696 035 $a(OCoLC)1153974282 035 $a(FlNmELB)ELB70233 035 $a(EXLCZ)994100000006672446 100 $a20181210d2014 uy 0 101 0 $aspa 135 $aurcnu|||||||| 181 $2rdacontent 182 $2rdamedia 183 $2rdacarrier 200 10$aPoli?tica econo?mica $eaplicaciones para Colombia /$fMauricio Villamizar Jaimes 210 1$aBogota? :$cEdiciones de la U,$d2014. 215 $a1 online resource (204 pa?ginas) $cilustraciones 225 1 $aFinanzas 311 $a958-762-209-X 320 $aContiene bibliografi?a. 410 0$aFinanzas. 606 $aPoli?tica econo?mica 607 $aColombia$xEconomic policy 607 $aColombia 608 $aLibros electronicos. 615 4$aPoli?tica econo?mica. 676 $a338.9861 700 $aVillamizar Jaimes$b Mauricio$01336527 801 0$bFINmELB 801 1$bFINmELB 906 $aBOOK 912 $a9910671309003321 996 $aPoli?tica econo?mica$93056384 997 $aUNINA LEADER 02910oam 2200649I 450 001 9910800171403321 005 20230725060940.0 010 $a0-429-11269-6 010 $a1-4398-9790-5 024 7 $a10.1201/b11668 035 $a(CKB)3710000000391122 035 $a(EBL)1438171 035 $a(SSID)ssj0001458145 035 $a(PQKBManifestationID)12549575 035 $a(PQKBTitleCode)TC0001458145 035 $a(PQKBWorkID)11443943 035 $a(PQKB)10761734 035 $a(MiAaPQ)EBC1438171 035 $a(Au-PeEL)EBL1438171 035 $a(CaPaEBR)ebr11165897 035 $a(OCoLC)908077357 035 $a(OCoLC)940937310 035 $a(EXLCZ)993710000000391122 100 $a20180706h20112012 uy 0 101 0 $aeng 135 $aur|n|---||||| 181 $ctxt 182 $cc 183 $acr 200 10$aBiostatistics: a computing approach /$fby Stewart Anderson 205 $aFirst edition. 210 1$aBoca Raton, FL :$cChapman and Hall/CRC, an imprint of Taylor and Francis,$d[2011]. 210 4$dİ2012 215 $a1 online resource (323 p.) 225 1 $aChapman & Hall/CRC Biostatistics Series 300 $aDescription based upon print version of record. 311 $a1-58488-834-2 320 $aIncludes bibliographical references. 327 $aFront Cover; Contents; Preface; 1. Review of Topics in Probability and Statistics; 2. Use of Simulation Techniques; 3. The Central Limit Theorem; 4. Correlation and Regression; 5. Analysis of Variance; 6. Discrete Measures of Risk; 7. Multivariate Analysis; 8. Analysis of Repeated Measures Data; 9. Nonparametric Methods; 10. Analysis of Time to Event Data; 11. Sample size and Power Calculations; 12. Appendix A: Using SAS; 13. Appendix B: Using R; 14. References 330 3 $aThe emergence of high-speed computing has facilitated the development of many exciting statistical and mathematical methods in the last 25 years, broadening the landscape of available tools in statistical investigations of complex data. Biostatistics: A Computing Approach focuses on visualization and computational approaches associated with both modern and classical techniques. Furthermore, it promotes computing as a tool for performing both analyses and simulations that can facilitate such understanding. 410 0$aChapman & Hall/CRC biostatistics series. 606 $aBiometry$xComputer simulation 606 $aBiometry$xStatistical methods 606 $aBiometry$xMethodology 606 $aBiomathematics 615 0$aBiometry$xComputer simulation. 615 0$aBiometry$xStatistical methods. 615 0$aBiometry$xMethodology. 615 0$aBiomathematics. 676 $a570.15195 700 $aAnderson$b Stewart$0517827 801 0$bFlBoTFG 801 1$bFlBoTFG 906 $aBOOK 912 $a9910800171403321 996 $aBiostatistics$9847873 997 $aUNINA